Responses for Show #7850 - Friday, October 26, 2018

Contestants

[<< previous game]

Todd LaPlace, an accountant from Dublin, Ohio

Tori Campbell, an attorney from Chicago, Illinois

Dhruv Srinivasachar, a medical and doctoral student from Richmond, Virginia (whose 1-day cash winnings total $17,600)

[next game >>]

Jeopardy! Round responses

1984 AT THE MOVIES WITH LEONARD MALTIN
RELATIONSHIPS
PRESIDENTIAL FIRSTS
NOT TO BE CONFUSED
ANIMAL ODDITIES
STARTS OR ENDS WITH A BODY PART
    $200 9
Splash

Todd
    $200 4
grandmother

Tori
    $200 1
Reagan

Tori
    $200 6
(Tori: What are shallots?)
[Originally ruled incorrect; ruled correct during contestant interviews]

scallions (or shallots)

Tori
    $200 3
glass

Tori
    $200 2
deliver

Tori
    $400 10
(Dhruv: What is Friday the 13th?)

A Nightmare on Elm Street

DhruvTodd
    $400 7
great-grandmother

Dhruv
    $400 20
(Alex: With less than a minute.)

reflux

Tori
    $400 5
shorthand

Tori
    $600 11
Karate Kid

Tori
    $600 8
executive orders

Todd
    $600 13
Dolce

Todd
    $600 25
orangutans

Dhruv
    $600 12
armor

Dhruv
    $800 14
Robin Williams

Todd
    $800 23
his daughter

Tori
    $800 19
gossamer

Tori
    $800 21
photosynthesis

Todd
    $800 17
an urchin

Tori
    $1000 15
(Alex: And I wanna thank Leonard Maltin. It's always a great pleasure having him do clues for us on Jeopardy!)

The Killing Fields

Dhruv
    $1000 24
(Alex: My [*] Rachel.)

cousin

Todd
    $1,000 16
William McKinley

Dhruv
    $1000 18
L. Ron Hubbard

Tori
    $1000 22
crustaceans

Dhruv
    $1000 26
(Dhruv: What is a hoedown?)
...
[The end-of-round signal sounds.]

a shindig

Dhruv
Triple Stumper

Scores at the first commercial break (after clue 15):

Dhruv Tori Todd
$1,600 $2,000 $2,600

Scores at the end of the Jeopardy! Round:

Dhruv Tori Todd
$3,200 $5,800 $4,400

Double Jeopardy! Round responses

AVIATION HISTORY
PEOPLE
GRAMMY'S ALBUM OF THE YEAR
FICTION
YOU GO NORWAY
WE'LL GO "R"s
    $400 1
the Concorde

Dhruv
    $400 3
(Billy) Graham

Tori
    $400 19
Alanis Morissette

Tori
    $400 10
Jim

Todd
    $400 2
Oslo

Dhruv
    $400 6
rotary (dial)

Todd
    $800 4
(Tori: Who is Assange?)

(Edward) Snowden

DhruvTori
    $800 26
Taylor Swift

Todd
    $800 11
Ernest Cline

Triple Stumper
    $800 9
a fjord

Dhruv
    $800 7
rye

Dhruv
    $1200 8
Kitty Hawk

Tori
    $1200 24
23andMe

Dhruv
    $1200 27
(Dhruv: What is "Stayin'"--or, uh, sorry. What is [*]?)

Saturday Night Fever

Dhruv
    $1200 12
Bartleby

Todd
    $1200 5
a penguin

Todd
    $1200 15
rustle

Todd
    $1600 18
weightlessness (or zero gravity)

Todd
    $1600 23
(Alex: With less than a minute.)

Branson

Tori
    $1600 28
[The end-of-round signal sounds.]

Beck

Tori
    $1,000 13
(Todd: What is Heart of Darkness?)

Catch-22

Todd
    $1600 20
Sweden

Tori
    $1600 16
ratchet

Todd
    $2000 25
biplanes

Dhruv
    $2,000 22
(Tori: What is the Librarian of the National Archives?)

the Librarian of Congress

Tori
    $2000 14
(Dhruv: Who is Brontë?)

P.D. James

Dhruv
Triple Stumper
    $2000 21
Lutheranism

Tori
    $2000 17
roundhouse

Dhruv

Scores at the end of the Double Jeopardy! Round:

Dhruv Tori Todd
$10,800 $11,800 $11,800

[wagering suggestions for these scores]

Final Jeopardy! Round responses

EUROPEAN HISTORY
DhruvWhat is Excalibur?
$10,799
ToriWhat is the rock on which Kings of England sit on the throne
$9,602
ToddWhat is the Rosetta Stone?
$11,800
the Stone of Scone

Final scores:

Dhruv Tori Todd
$1 $2,198 $0
2nd place: $2,000 New champion: $2,198 3rd place: $1,000

Game dynamics:

Coryat scores:

Dhruv Tori Todd
$10,800 $13,800 $12,800
15 R
(including 1 DD),
3 W
19 R,
2 W
(including 1 DD)
15 R,
1 W
(including 1 DD)

Combined Coryat: $37,400

[game clues] [game scores] [suggest correction]

Game tape date: 2018-08-21
The J! Archive is created by fans, for fans. Scraping, republication, monetization, and malicious use prohibited; this site may use cookies and collect identifying information. See terms. The Jeopardy! game show and all elements thereof, including but not limited to copyright and trademark thereto, are the property of Jeopardy Productions, Inc. and are protected under law. This website is not affiliated with, sponsored by, or operated by Jeopardy Productions, Inc. Join the discussion at JBoard.tv.